[Event "175th open MGU"]
[Site "Sofia"]
[Date "2016.11.19"]
[Round "1.2"]
[White "Kostov, Nikolay"]
[Black "Ruschukov, Boyan"]
[Result "0-1"]
[WhiteElo "1705"]
[BlackElo "1878"]
[PlyCount "58"]
[EventDate "2016.11.19"]
[EventType "swiss"]
[EventRounds "6"]
[EventCountry "BUL"]

1. d4 Nf6 2. e3 e6 3. Bd3 c5 4. c3 b6 5. f4 Bb7 6. Nf3 Ne4 7. Qe2 f5 8. Ne5
Qh4+ 9. g3 Nxg3 10. Qf2 Bxh1 11. hxg3 Qh3 12. Bf1 Qh6 13. Bg2 Bxg2 14. Qxg2 d5
15. Nd2 Nd7 16. Nxd7 Kxd7 17. Nf3 Bd6 18. Bd2 cxd4 19. exd4 Qf6 20. Kd1 h6 21.
Kc2 Rhg8 22. g4 fxg4 23. Qxg4 Qf5+ 24. Qxf5 exf5 25. Nh4 Bxf4 26. Bxf4 g5 27.
Nxf5 gxf4 28. Nxh6 Rg2+ 29. Kb3 Rf8 0-1

[Event "175th open MGU"]
[Site "Sofia"]
[Date "2016.11.19"]
[Round "1.3"]
[White "Ignatov, Bojidar"]
[Black "Georgiev, Nikolay Zh."]
[Result "1-0"]
[WhiteElo "1853"]
[BlackElo "1612"]
[PlyCount "41"]
[EventDate "2016.11.19"]
[EventType "swiss"]
[EventRounds "6"]
[EventCountry "BUL"]

1. d4 d5 2. c4 c6 3. Nc3 Nf6 4. Nf3 Be6 5. Bg5 Nbd7 6. Qd2 dxc4 7. e4 Nb6 8.
Be2 h6 9. Bh4 g5 10. Bg3 Bg7 11. h4 g4 12. Ne5 O-O 13. f4 gxf3 14. gxf3 Nfd7
15. Ng4 Kh7 16. O-O-O Rg8 17. Bf4 Qf8 18. Ne3 Rd8 19. Qc2 Kh8 20. d5 cxd5 21.
exd5 1-0

[Event "175th open MGU"]
[Site "Sofia"]
[Date "2016.11.19"]
[Round "1.4"]
[White "Mladenov, Andrey"]
[Black "Stoyanov, Stoyan Orl"]
[Result "0-1"]
[WhiteElo "1603"]
[BlackElo "1852"]
[PlyCount "58"]
[EventDate "2016.11.19"]
[EventType "swiss"]
[EventRounds "6"]
[EventCountry "BUL"]

1. e4 c5 2. Nf3 d6 3. d4 Nf6 4. Nc3 cxd4 5. Nxd4 a6 6. Bc4 e6 7. Bb3 b5 8. O-O
b4 9. Na4 Nxe4 10. Re1 Nc5 11. Nxc5 dxc5 12. Ba4+ Bd7 13. Bxd7+ Qxd7 14. Qf3
Ra7 15. Nf5 g6 16. Bg5 gxf5 17. Rad1 Qc7 18. Rd8+ Qxd8 19. Bxd8 Kxd8 20. Qf4
Nc6 21. c3 Rd7 22. Qc4 a5 23. Qb5 Kc7 24. cxb4 axb4 25. h3 Bd6 26. Qe2 Ra8 27.
b3 Nd4 28. Qb2 Kb6 29. a4 bxa3 0-1

[Event "175th open MGU"]
[Site "Sofia"]
[Date "2016.11.19"]
[Round "1.6"]
[White "Sapareva, Magdalena"]
[Black "Razmirov, Stanislav"]
[Result "1/2-1/2"]
[WhiteElo "1514"]
[BlackElo "1753"]
[PlyCount "108"]
[EventDate "2016.11.19"]
[EventType "swiss"]
[EventRounds "6"]
[EventCountry "BUL"]

1. b4 d5 2. Bb2 e6 3. Nf3 Nf6 4. a3 c5 5. b5 Bd7 6. e3 a6 7. a4 axb5 8. Bxb5
Bxb5 9. axb5 Rxa1 10. Bxa1 Be7 11. O-O O-O 12. d3 Qa5 13. Nc3 Nbd7 14. Qd2 Ra8
15. h3 e5 16. Rb1 d4 17. Nd1 Qxd2 18. Nxd2 Ra2 19. Bb2 Nb6 20. Ra1 Rxa1 21.
Bxa1 Nfd5 22. Nc4 Nxc4 23. dxc4 Nb6 24. Nb2 Bg5 25. Nd3 dxe3 26. Bxe5 Nxc4 27.
fxe3 Bxe3+ 28. Kf1 Nxe5 29. Nxe5 f5 30. Ke2 Bd4 31. Nf3 Bf6 32. Kd3 Kf7 33. Kc4
Ke6 34. Kxc5 Kd7 35. c4 g5 36. Kd5 h5 37. g4 fxg4 38. hxg4 hxg4 39. Ne1 g3 40.
Ng2 Bc3 41. c5 Bd2 42. Ke5 Kc7 43. Ke4 b6 44. c6 Kd6 45. Ne3 Kc7 46. Kf3 Be1
47. Nd5+ Kb8 48. Nxb6 g4+ 49. Kg2 Bf2 50. Nd7+ Kc7 51. Ne5 Bc5 52. Nxg4 Bd6 53.
Nf6 Kb6 54. Ne4 Kxb5 1/2-1/2

[Event "175th open MGU"]
[Site "Sofia"]
[Date "2016.11.19"]
[Round "1.7"]
[White "Mihalev, Daniil"]
[Black "Ilichov, Ivan"]
[Result "1-0"]
[WhiteElo "1748"]
[BlackElo "1367"]
[PlyCount "59"]
[EventDate "2016.11.19"]
[EventType "swiss"]
[EventRounds "6"]
[EventCountry "BUL"]

1. d4 Nf6 2. Nf3 d5 3. e3 Bf5 4. b3 e6 5. Bb2 Bd6 6. Nbd2 O-O 7. h3 h6 8. Bd3
Ne4 9. Qe2 Nd7 10. O-O-O Qe7 11. g4 Bh7 12. Rdg1 f6 13. Nb1 c5 14. Nfd2 cxd4
15. exd4 Bf4 16. Kd1 Nxd2 17. Nxd2 Bxd3 18. Qxd3 e5 19. dxe5 Bxe5 20. Qxd5+ Kh8
21. Bxe5 Qxe5 22. Qxe5 Nxe5 23. f4 Ng6 24. Rf1 Rfe8 25. Nc4 Rad8+ 26. Kc1 Re2
27. Rd1 Rxd1+ 28. Kxd1 Nxf4 29. Rf1 g5 30. Rxf4 1-0

[Event "175th open MGU"]
[Site "Sofia"]
[Date "2016.11.19"]
[Round "2.1"]
[White "Ruschukov, Boyan"]
[Black "Kolev, Lachezar"]
[Result "1-0"]
[WhiteElo "1878"]
[BlackElo "1817"]
[PlyCount "51"]
[EventDate "2016.11.19"]
[EventType "swiss"]
[EventRounds "6"]
[EventCountry "BUL"]

1. d4 Nf6 2. c4 e6 3. Nc3 Bb4 4. Nf3 b6 5. Bg5 Bb7 6. e3 d6 7. Qa4+ Nc6 8. d5
exd5 9. cxd5 Nxd5 10. Bxd8 Nxc3 11. bxc3 Bxc3+ 12. Kd1 Bxa1 13. Bb5 O-O 14.
Bxc7 Ne7 15. Ke2 Nd5 16. Qb3 Bf6 17. Bxd6 Rfd8 18. Be5 Bxe5 19. Nxe5 Rac8 20.
Rd1 h6 21. Bc4 Rc5 22. Nxf7 Kxf7 23. e4 Kf8 24. Bxd5 Ba6+ 25. Ke1 Re8 26. Qf3+
1-0

[Event "175th open MGU"]
[Site "Sofia"]
[Date "2016.11.19"]
[Round "2.2"]
[White "Stoyanov, Stoyan Orl"]
[Black "Ignatov, Bojidar"]
[Result "1-0"]
[WhiteElo "1852"]
[BlackElo "1853"]
[PlyCount "99"]
[EventDate "2016.11.19"]
[EventType "swiss"]
[EventRounds "6"]
[EventCountry "BUL"]

1. d4 d5 2. Nf3 Nf6 3. g3 e6 4. Bg2 c5 5. c4 dxc4 6. O-O Be7 7. dxc5 O-O 8.
Nbd2 c3 9. bxc3 Bxc5 10. Nb3 Be7 11. c4 Nc6 12. Bb2 Bd7 13. c5 Qc7 14. Rc1 Rfd8
15. Qc2 Be8 16. Nbd4 a6 17. Rfd1 Rac8 18. Nxc6 Bxc6 19. Be5 Qa5 20. Rxd8+ Rxd8
21. Ng5 Qd2 22. Bxc6 bxc6 23. Bxf6 Qxc2 24. Rxc2 gxf6 25. Ne4 Rd5 26. e3 f5 27.
Nd6 Bxd6 28. cxd6 Rxd6 29. Rc5 Kg7 30. Ra5 Kf6 31. Rxa6 Ke5 32. Ra7 c5 33. Kf1
Kd5 34. Ke2 Kc4 35. Rxf7 Kc3 36. Rxh7 c4 37. Rc7 Ra6 38. h4 Rxa2+ 39. Kf3 Kd3
40. Rd7+ Kc2 41. h5 Ra8 42. h6 c3 43. Ke2 Kc1 44. Rc7 c2 45. Rb7 Rd8 46. h7
Rd2+ 47. Kf3 Rd8 48. Rd7 Rxd7 49. h8=Q Rd1 50. Qc3 1-0

[Event "175th open MGU"]
[Site "Sofia"]
[Date "2016.11.19"]
[Round "2.3"]
[White "Razmirov, Stanislav"]
[Black "Mihalev, Daniil"]
[Result "1-0"]
[WhiteElo "1753"]
[BlackElo "1748"]
[PlyCount "117"]
[EventDate "2016.11.19"]
[EventType "swiss"]
[EventRounds "6"]
[EventCountry "BUL"]

1. e4 c5 2. Nf3 g6 3. c3 Bg7 4. d4 cxd4 5. cxd4 d5 6. e5 Bg4 7. Nc3 Nh6 8. h3
Bxf3 9. Qxf3 Nc6 10. Bb5 O-O 11. Bxc6 bxc6 12. O-O Nf5 13. Ne2 Qb6 14. Rd1 e6
15. g4 Ne7 16. Rb1 f6 17. exf6 Bxf6 18. Qe3 e5 19. dxe5 Qxe3 20. Bxe3 Bxe5 21.
Bc5 Rfe8 22. f4 Bc7 23. Rbc1 Bb6 24. Nd4 Rab8 25. b3 Kf7 26. Kg2 Rec8 27. Bxe7
Bxd4 28. Bd6 Be3 29. Bxb8 Bxc1 30. Rxc1 Rxb8 31. Rxc6 a5 32. Rc7+ Ke6 33. Rxh7
a4 34. Rh6 a3 35. Rxg6+ Kd7 36. Ra6 Rc8 37. Rxa3 d4 38. Ra4 Rc2+ 39. Kf1 Rd2
40. Ke1 Rd3 41. f5 Kd6 42. f6 Ke6 43. g5 Re3+ 44. Kd2 Rxh3 45. Rxd4 Rh2+ 46.
Kc3 Rxa2 47. Rg4 Ra8 48. b4 Kf5 49. Rg1 Rc8+ 50. Kb3 Rb8 51. Rf1+ Kxg5 52. f7
Rf8 53. Kc4 Kg6 54. b5 Kg7 55. b6 Rc8+ 56. Kb5 Kf8 57. b7 Rd8 58. Kb6 Rd6+ 59.
Kc7 1-0

[Event "175th open MGU"]
[Site "Sofia"]
[Date "2016.11.19"]
[Round "2.4"]
[White "Ilieva, Ralitsa"]
[Black "Andreev, Dobrotich"]
[Result "0-1"]
[WhiteElo "1301"]
[BlackElo "1975"]
[PlyCount "130"]
[EventDate "2016.11.19"]
[EventType "swiss"]
[EventRounds "6"]
[EventCountry "BUL"]

1. d4 d5 2. c4 e6 3. Nc3 Nf6 4. Nf3 c6 5. Bg5 Be7 6. e3 Qa5 7. Qc2 Nbd7 8. cxd5
exd5 9. Bd3 h6 10. Bh4 O-O 11. O-O Re8 12. Rac1 Nf8 13. h3 Be6 14. a3 Qd8 15.
Na4 N8d7 16. b4 b5 17. Nc5 Nxc5 18. bxc5 a5 19. Ne5 Qc8 20. Rb1 Nd7 21. Bxe7
Nxe5 22. dxe5 Rxe7 23. e4 Rd7 24. exd5 Bxd5 25. Bf5 Be6 26. Bxe6 fxe6 27. Rfd1
Rd5 28. Rxd5 exd5 29. Qg6 Qe8 30. Qd6 Rd8 31. Qc7 d4 32. Qxa5 Rd5 33. Rd1 Rxe5
34. Qb4 Qe7 35. Qxd4 Rd5 36. Qg4 Qxc5 37. Qe6+ Kh7 38. Qe4+ g6 39. Rxd5 Qxd5
40. Qe7+ Kg8 41. Qe8+ Kg7 42. Qe7+ Qf7 43. Qe5+ Kh7 44. Qc5 Qd7 45. Qb4 Kg7 46.
f3 Kf7 47. Kf2 Qe7 48. Qf4+ Kg7 49. Qd4+ Kh7 50. Qe3 Qxe3+ 51. Kxe3 c5 52. Ke4
Kg7 53. Kd5 c4 54. Kd4 Kf6 55. g3 g5 56. a4 bxa4 57. Kxc4 Ke5 58. Kb4 Kd4 59.
Kxa4 Ke3 60. Kb3 Kxf3 61. g4 Kg3 62. Kc2 Kxh3 63. Kd2 Kxg4 64. Ke2 Kg3 65. Kf1
Kh2 0-1

[Event "175th open MGU"]
[Site "Sofia"]
[Date "2016.11.19"]
[Round "2.5"]
[White "Borisov, Ivan"]
[Black "Sapareva, Magdalena"]
[Result "1-0"]
[WhiteElo "1735"]
[BlackElo "1514"]
[PlyCount "91"]
[EventDate "2016.11.19"]
[EventType "swiss"]
[EventRounds "6"]
[EventCountry "BUL"]

1. e4 e5 2. Nf3 Nc6 3. Bb5 d6 4. O-O Bd7 5. c3 a6 6. Ba4 b5 7. Bc2 Nf6 8. Re1
Be7 9. d4 O-O 10. Nbd2 exd4 11. cxd4 Nb4 12. Bb1 a5 13. a3 Na6 14. Qc2 g6 15.
h3 Nh5 16. Nf1 c5 17. Be3 Rc8 18. Qd2 c4 19. Bh6 Re8 20. Ne3 Bf8 21. Nd5 Be7
22. Nxe7+ Rxe7 23. g4 Bxg4 24. hxg4 Qd7 25. Nh2 Nf6 26. Qf4 Re6 27. Bc2 Rce8
28. Rad1 Nxe4 29. Rxe4 d5 30. Rxe6 Qxe6 31. Qe5 f6 32. Qxe6+ Rxe6 33. Be3 b4
34. Nf3 Nc7 35. Re1 b3 36. Bd1 a4 37. Bf4 Rxe1+ 38. Nxe1 Nb5 39. Bf3 Nc3 40.
Bd2 Ne4 41. Bxe4 dxe4 42. Ng2 f5 43. gxf5 gxf5 44. Ne3 c3 45. Bxc3 f4 46. Nd5
1-0

[Event "175th open MGU"]
[Site "Sofia"]
[Date "2016.11.19"]
[Round "2.7"]
[White "Georgiev, Nikolay Zh"]
[Black "Mladenov, Andrey"]
[Result "1-0"]
[WhiteElo "1612"]
[BlackElo "1603"]
[PlyCount "69"]
[EventDate "2016.11.19"]
[EventType "swiss"]
[EventRounds "6"]
[EventCountry "BUL"]

1. e4 c5 2. g3 Nc6 3. Bg2 d6 4. Ne2 g6 5. O-O Bg7 6. c3 e6 7. d4 cxd4 8. cxd4
Nge7 9. Be3 O-O 10. Nbc3 a6 11. Qd2 Bd7 12. Bh6 Rc8 13. Bxg7 Kxg7 14. Rad1 Na5
15. b3 b5 16. e5 dxe5 17. dxe5 Bc6 18. Qf4 Qc7 19. Qf6+ Kg8 20. Rd2 Nd5 21.
Nxd5 exd5 22. Rfd1 Rce8 23. f4 Re6 24. Qh4 Qb6+ 25. Nd4 Ree8 26. Kh1 Bb7 27.
Qg4 Bc8 28. Qf3 Bb7 29. Qf2 Rc8 30. Nc2 Qxf2 31. Rxf2 Rfd8 32. Rfd2 Rc3 33. Nb4
Rc5 34. Nxd5 Bxd5 35. Bxd5 1-0

[Event "175th open MGU"]
[Site "Sofia"]
[Date "2016.11.19"]
[Round "3.1"]
[White "Stoyanov, Stoyan Orl"]
[Black "Ruschukov, Boyan"]
[Result "1-0"]
[WhiteElo "1852"]
[BlackElo "1878"]
[PlyCount "71"]
[EventDate "2016.11.19"]
[EventType "swiss"]
[EventRounds "6"]
[EventCountry "BUL"]

1. d4 Nf6 2. c4 g6 3. Nc3 Bg7 4. e4 d6 5. f4 c5 6. d5 O-O 7. Nf3 e6 8. Be2 exd5
9. cxd5 Re8 10. e5 dxe5 11. fxe5 Ng4 12. Bg5 f6 13. exf6 Bxf6 14. Qd2 Bxg5 15.
Qxg5 Qxg5 16. Nxg5 Ne3 17. Kf2 h6 18. Nge4 Nc2 19. Nf6+ Kf7 20. Nxe8 Kxe8 21.
Rac1 Nd4 22. Ne4 Nxe2 23. Kxe2 b6 24. Nd6+ Kd7 25. Nxc8 Kxc8 26. Rhf1 Nd7 27.
Rf7 Kc7 28. Rg7 g5 29. Rf1 Re8+ 30. Kf2 Re5 31. Rd1 h5 32. d6+ Kc6 33. Rg8 Kb7
34. Rd8 Rf5+ 35. Kg1 Rf7 36. Re1 1-0

[Event "175th open MGU"]
[Site "Sofia"]
[Date "2016.11.19"]
[Round "3.2"]
[White "Andreev, Dobrotich"]
[Black "Razmirov, Stanislav"]
[Result "1-0"]
[WhiteElo "1975"]
[BlackElo "1753"]
[PlyCount "119"]
[EventDate "2016.11.19"]
[EventType "swiss"]
[EventRounds "6"]
[EventCountry "BUL"]

1. e4 c5 2. Nf3 Nc6 3. Bb5 d6 4. d4 cxd4 5. Nxd4 Bd7 6. O-O g6 7. b3 Nf6 8. Bb2
Nxd4 9. Bxd7+ Qxd7 10. Bxd4 e5 11. Bb2 Nxe4 12. Qe2 f5 13. c4 Bg7 14. f3 Ng5
15. Nc3 O-O 16. Nd5 Rae8 17. Qe3 Nf7 18. Qxa7 Re6 19. Qf2 Qc8 20. Rad1 Qc5 21.
Rd2 Ra8 22. Bc3 Qxf2+ 23. Kxf2 Rc8 24. a4 e4 25. Bxg7 Kxg7 26. f4 Rc5 27. Ke3
Nd8 28. Rc1 Rc8 29. a5 Nc6 30. b4 g5 31. g3 gxf4+ 32. gxf4 Kf7 33. Ra2 Ne7 34.
Nb6 Rc7 35. b5 d5 36. Nxd5 Nxd5+ 37. cxd5 Rxc1 38. dxe6+ Kxe6 39. a6 bxa6 40.
bxa6 Rc8 41. a7 Ra8 42. Kd4 Kd6 43. Ra3 Kc6 44. Ke5 e3 45. Rxe3 Rxa7 46. Kxf5
Kd6 47. Kf6 Ra8 48. Rd3+ Kc6 49. f5 Rf8+ 50. Ke6 Re8+ 51. Kf7 Re2 52. h3 Ra2
53. f6 Rg2 54. Kf8 Kc7 55. f7 h5 56. Rd4 Rg3 57. Ke7 Re3+ 58. Kf6 Rf3+ 59. Kg6
Rg3+ 60. Kf5 1-0

[Event "175th open MGU"]
[Site "Sofia"]
[Date "2016.11.19"]
[Round "3.3"]
[White "Ignatov, Bojidar"]
[Black "Borisov, Ivan"]
[Result "1-0"]
[WhiteElo "1853"]
[BlackElo "1735"]
[PlyCount "55"]
[EventDate "2016.11.19"]
[EventType "swiss"]
[EventRounds "6"]
[EventCountry "BUL"]

1. d4 Nf6 2. c4 g6 3. Nc3 d5 4. Qb3 dxc4 5. Qxc4 Bg7 6. e4 c6 7. Be2 O-O 8. Nf3
Be6 9. Qd3 Nbd7 10. Bf4 Nb6 11. b3 Nh5 12. Be3 Bg4 13. Rc1 f5 14. exf5 Bxf5 15.
Qd2 Nf6 16. Bh6 Qd6 17. Bxg7 Kxg7 18. O-O Rad8 19. h3 Nbd5 20. Nxd5 Qxd5 21.
Rfe1 Ne4 22. Qe3 b5 23. Bd3 Nf6 24. Bxf5 gxf5 25. Qg5+ Kf7 26. Ne5+ Ke8 27.
Nxc6 Ne4 28. Qxe7# 1-0

[Event "175th open MGU"]
[Site "Sofia"]
[Date "2016.11.19"]
[Round "3.4"]
[White "Kolev, Lachezar"]
[Black "Georgiev, Nikolay Zh"]
[Result "1-0"]
[WhiteElo "1817"]
[BlackElo "1612"]
[PlyCount "77"]
[EventDate "2016.11.19"]
[EventType "swiss"]
[EventRounds "6"]
[EventCountry "BUL"]

1. e4 e5 2. Nf3 d5 3. Nxe5 Bd6 4. d4 dxe4 5. Nc3 Bxe5 6. dxe5 Qxd1+ 7. Nxd1 Be6
8. Bf4 Ne7 9. Nc3 Ng6 10. Bg3 Nd7 11. O-O-O O-O-O 12. Nxe4 Ndxe5 13. Be2 Bd5
14. f3 Bxe4 15. fxe4 Rxd1+ 16. Rxd1 Re8 17. c3 f6 18. h4 a6 19. Kc2 Nf8 20. Bf2
Rd8 21. Rg1 Ne6 22. Be3 b5 23. b3 Kb7 24. g4 c5 25. g5 Rf8 26. Rf1 fxg5 27.
Rxf8 Nxf8 28. Bxg5 Ne6 29. Be3 Kc6 30. Bf1 Kd6 31. Bh3 g6 32. Bxe6 Kxe6 33.
Bxc5 Nf3 34. Bf2 Ke5 35. Kd3 h6 36. Ke3 Nxh4 37. Bxh4 g5 38. Bg3+ Ke6 39. c4
1-0

[Event "175th open MGU"]
[Site "Sofia"]
[Date "2016.11.19"]
[Round "3.5"]
[White "Mihalev, Daniil"]
[Black "Tenev, Bogdan"]
[Result "1-0"]
[WhiteElo "1748"]
[BlackElo "1470"]
[PlyCount "89"]
[EventDate "2016.11.19"]
[EventType "swiss"]
[EventRounds "6"]
[EventCountry "BUL"]

1. Nf3 d5 2. g3 b6 3. Bg2 Bb7 4. O-O Nd7 5. d4 e6 6. Nbd2 Ngf6 7. b3 Bd6 8. Bb2
O-O 9. Ne5 Qe7 10. c4 Bxe5 11. dxe5 Ne8 12. Qc2 c6 13. e4 Rc8 14. Rad1 f6 15.
exd5 cxd5 16. exf6 Nexf6 17. Rfe1 Qf7 18. Nf3 h6 19. Nd4 e5 20. Nf5 Ne4 21.
Bxe4 dxe4 22. Nd6 Qf3 23. Nxb7 Nf6 24. Qe2 Qf5 25. Nd6 Qh3 26. Qf1 Qxf1+ 27.
Kxf1 Ng4 28. Nxe4 Nxh2+ 29. Kg2 Ng4 30. f3 Nf6 31. Nxf6+ gxf6 32. Rd7 Rf7 33.
Red1 Rcf8 34. Rxf7 Rxf7 35. Kf2 Kg7 36. g4 Kg6 37. Ke3 Kg5 38. Ke4 h5 39. Bc1+
Kg6 40. gxh5+ Kxh5 41. Kf5 Kh4 42. f4 exf4 43. Bxf4 Kh3 44. Rd3+ Kg2 45. a4 1-0

[Event "175th open MGU"]
[Site "Sofia"]
[Date "2016.11.19"]
[Round "3.6"]
[White "Kostov, Nikolay"]
[Black "Ilichov, Ivan"]
[Result "1-0"]
[WhiteElo "1705"]
[BlackElo "1367"]
[PlyCount "49"]
[EventDate "2016.11.19"]
[EventType "swiss"]
[EventRounds "6"]
[EventCountry "BUL"]

1. d4 d5 2. e3 Nf6 3. Bd3 Nc6 4. c3 g6 5. f4 Bg4 6. Nf3 e6 7. O-O Nd7 8. Qe1
Bxf3 9. gxf3 f5 10. e4 dxe4 11. fxe4 Qe7 12. Bb5 Nd8 13. Kh1 Nf7 14. exf5 exf5
15. Bxd7+ Kxd7 16. Qd1 Re8 17. Nd2 h5 18. Qa4+ Kc8 19. Qxa7 h4 20. Qa8+ Kd7 21.
Qxb7 h3 22. Qb5+ Kc8 23. Nf3 Nd6 24. Qa6+ Kb8 25. Ne5 1-0

[Event "175th open MGU"]
[Site "Sofia"]
[Date "2016.11.19"]
[Round "3.8"]
[White "Mladenov, Andrey"]
[Black "Ilieva, Ralitsa"]
[Result "0-1"]
[WhiteElo "1603"]
[BlackElo "1301"]
[PlyCount "46"]
[EventDate "2016.11.19"]
[EventType "swiss"]
[EventRounds "6"]
[EventCountry "BUL"]

1. e4 e6 2. d4 d5 3. Nc3 dxe4 4. Nxe4 Nf6 5. Bg5 Be7 6. Bxf6 Bxf6 7. Nf3 Nc6 8.
Nxf6+ Qxf6 9. Qd2 O-O 10. O-O-O b6 11. Bd3 Bb7 12. Ng5 g6 13. c3 Ne7 14. f3
Rfd8 15. h4 c5 16. h5 cxd4 17. hxg6 hxg6 18. Rh7 dxc3 19. bxc3 Rac8 20. Rxf7
Rxc3+ 21. Kb1 Rcxd3 22. Rxf6 Rxd2 23. Rc1 Rxg2 0-1

[Event "175th open MGU"]
[Site "Sofia"]
[Date "2016.11.20"]
[Round "4.1"]
[White "Andreev, Dobrotich"]
[Black "Stoyanov, Stoyan Orl"]
[Result "0-1"]
[WhiteElo "1975"]
[BlackElo "1852"]
[PlyCount "68"]
[EventDate "2016.11.19"]
[EventType "swiss"]
[EventRounds "6"]
[EventCountry "BUL"]

1. e4 c5 2. Nf3 d6 3. d4 cxd4 4. Nxd4 Nf6 5. Nc3 a6 6. Be3 e5 7. Nb3 Be6 8. Qd2
Be7 9. f3 O-O 10. O-O-O b5 11. g4 Nbd7 12. g5 b4 13. Ne2 Ne8 14. f4 a5 15. Kb1
a4 16. Nbc1 Nb6 17. Ng3 d5 18. f5 d4 19. fxe6 dxe3 20. Qe1 Qc7 21. exf7+ Rxf7
22. g6 Rf2 23. Bd3 Nc4 24. Bxc4+ Qxc4 25. Nd3 Qxc2+ 26. Ka1 a3 27. gxh7+ Kh8
28. Rb1 Qxd3 29. Nf5 axb2+ 30. Rxb2 Rxb2 31. Kxb2 Qa3+ 32. Kb1 Qxa2+ 33. Kc1
Rc8+ 34. Kd1 Qc2# 0-1

[Event "175th open MGU"]
[Site "Sofia"]
[Date "2016.11.20"]
[Round "4.2"]
[White "Ruschukov, Boyan"]
[Black "Mihalev, Daniil"]
[Result "0-1"]
[WhiteElo "1878"]
[BlackElo "1748"]
[PlyCount "148"]
[EventDate "2016.11.19"]
[EventType "swiss"]
[EventRounds "6"]
[EventCountry "BUL"]

1. d4 g6 2. c4 Bg7 3. Nf3 d6 4. Nc3 Nf6 5. e4 O-O 6. Be2 Nbd7 7. Qc2 e5 8. d5
Nh5 9. g3 Nc5 10. b4 Na6 11. Rb1 f5 12. O-O f4 13. Kg2 Qd7 14. Ng5 Qe7 15. Ne6
Bxe6 16. dxe6 Qxe6 17. f3 c5 18. a3 b6 19. Nb5 Rf7 20. Rd1 Bf8 21. Rb3 Rd8 22.
Bd2 Nb8 23. Be1 Nc6 24. Bf2 fxg3 25. hxg3 Nd4 26. Nxd4 exd4 27. Rh1 Re8 28.
Rbb1 Qf6 29. Rh4 d3 30. Qxd3 Qxh4 31. gxh4 Nf4+ 32. Kg3 Nxd3 33. Bxd3 Bg7 34.
Be3 Ref8 35. Be2 Be5+ 36. Kg2 Re8 37. Bf2 Kg7 38. Rd1 Ree7 39. Rd5 a5 40. b5 h6
41. a4 g5 42. h5 Rf6 43. Be3 Kf7 44. Rd3 Ke6 45. Rd5 Kd7 46. Rd3 Kc7 47. Rd5
Bf4 48. Bf2 g4 49. Bh4 gxf3+ 50. Bxf3 Rg7+ 51. Kf2 Bg5 52. Bg3 Rgf7 53. Rd3 Re6
54. Rd1 Bf4 55. Bh4 Be5 56. Ke2 Rg7 57. Bf2 Re8 58. Be3 Re6 59. Rf1 Rf6 60. Bf2
Bf4 61. Rd1 Rgf7 62. Rd3 Bg5 63. Bg3 Re7 64. Rd5 Ref7 65. Rd3 Rf8 66. e5 Re8
67. Rd5 Bf4 68. Bh4 Rfe6 69. Kf2 Rxe5 70. Rd1 Be3+ 71. Kg2 Rg8+ 72. Kh3 Bd4 73.
Bd5 Re3+ 74. Kh2 Be5+ 0-1

[Event "175th open MGU"]
[Site "Sofia"]
[Date "2016.11.20"]
[Round "4.3"]
[White "Kolev, Lachezar"]
[Black "Ignatov, Bojidar"]
[Result "1/2-1/2"]
[WhiteElo "1817"]
[BlackElo "1853"]
[PlyCount "61"]
[EventDate "2016.11.19"]
[EventType "swiss"]
[EventRounds "6"]
[EventCountry "BUL"]

1. e4 c5 2. Nc3 d6 3. f4 Nf6 4. Bc4 e6 5. d3 Nc6 6. Nf3 a6 7. a3 b5 8. Ba2 Be7
9. O-O Nd7 10. Qe1 Qc7 11. f5 Nde5 12. Nxe5 Nxe5 13. Qg3 Bf6 14. Bg5 Qe7 15.
Bxf6 gxf6 16. Qh4 Rf8 17. Qxh7 c4 18. d4 Nd7 19. fxe6 fxe6 20. Qxe7+ Kxe7 21.
b3 cxb3 22. Bxb3 Bb7 23. d5 e5 24. Ne2 Nc5 25. Ng3 Bc8 26. Rae1 Rf7 27. Rf2 Bd7
28. h3 Rg8 29. Kh2 Rg5 30. Re3 Rh7 31. Rf1 1/2-1/2

[Event "175th open MGU"]
[Site "Sofia"]
[Date "2016.11.20"]
[Round "4.4"]
[White "Razmirov, Stanislav"]
[Black "Kostov, Nikolay"]
[Result "1/2-1/2"]
[WhiteElo "1753"]
[BlackElo "1705"]
[PlyCount "98"]
[EventDate "2016.11.19"]
[EventType "swiss"]
[EventRounds "6"]
[EventCountry "BUL"]

1. e4 e5 2. Nf3 Nc6 3. Bc4 Nf6 4. d4 exd4 5. O-O Nxe4 6. Re1 d5 7. Bxd5 Qxd5 8.
Nc3 Qa5 9. Nxe4 Be6 10. Bg5 h6 11. Bd2 Qd5 12. Qe2 O-O-O 13. a3 Bg4 14. h3 Bxf3
15. Qxf3 f5 16. Ng3 Qxf3 17. gxf3 g6 18. Re6 Bd6 19. f4 Rhg8 20. Rae1 Rdf8 21.
b4 g5 22. fxg5 f4 23. Ne4 hxg5 24. Nxd6+ cxd6 25. Rxd6 Re8 26. b5 Rxe1+ 27.
Bxe1 Ne5 28. Rd5 Nf3+ 29. Kf1 Rh8 30. Ba5 b6 31. Bb4 Rxh3 32. a4 g4 33. Rf5
Rh1+ 34. Ke2 Rb1 35. Bd6 d3+ 36. Kxd3 Rd1+ 37. Kc4 Rxd6 38. Rxf4 Rd2 39. Kc3
Rxf2 40. Rxg4 Ne1 41. Rg8+ Kc7 42. Rg7+ Kd6 43. Rxa7 Rxc2+ 44. Kb3 Rc7 45. Ra6
Kc5 46. a5 Kxb5 47. Rxb6+ Kxa5 48. Rh6 Rg7 49. Rh5+ Kb6 1/2-1/2

[Event "175th open MGU"]
[Site "Sofia"]
[Date "2016.11.20"]
[Round "4.5"]
[White "Borisov, Ivan"]
[Black "Ilieva, Ralitsa"]
[Result "1-0"]
[WhiteElo "1735"]
[BlackElo "1301"]
[PlyCount "47"]
[EventDate "2016.11.19"]
[EventType "swiss"]
[EventRounds "6"]
[EventCountry "BUL"]

1. e4 e6 2. f4 d5 3. e5 c5 4. Nf3 Bd7 5. c3 Qb6 6. Na3 Ne7 7. Nc2 Bb5 8. Bxb5+
Qxb5 9. a4 Qb6 10. d4 Ng6 11. O-O Nc6 12. Kh1 cxd4 13. Nfxd4 Nxd4 14. Nxd4 Bc5
15. a5 Qa6 16. Qa4+ Ke7 17. Be3 Rac8 18. b4 Bxd4 19. b5 Rc4 20. Qa3+ Ke8 21.
bxa6 Rxc3 22. axb7 Rxa3 23. b8=Q+ Kd7 24. Qd6+ 1-0

[Event "175th open MGU"]
[Site "Sofia"]
[Date "2016.11.20"]
[Round "4.6"]
[White "Todev, Simeon"]
[Black "Georgiev, Nikolay Zh"]
[Result "1-0"]
[WhiteElo "1542"]
[BlackElo "1612"]
[PlyCount "111"]
[EventDate "2016.11.19"]
[EventType "swiss"]
[EventRounds "6"]
[EventCountry "BUL"]

1. e4 e5 2. d4 exd4 3. Qxd4 Nc6 4. Qe3 Be7 5. Nc3 Nf6 6. Be2 d5 7. exd5 Nxd5 8.
Nxd5 Qxd5 9. Bd2 Be6 10. Bf3 Qd7 11. O-O-O O-O 12. Bc3 Qe8 13. Kb1 b5 14. Qe4
b4 15. Qxc6 bxc3 16. Qxa8 Qb5 17. Qb7 Qxb7 18. Bxb7 Rb8 19. b3 Rxb7 20. Rd3 Bf6
21. Nf3 c5 22. Rhd1 Kf8 23. Rd6 Ke7 24. R6d3 c4 25. Re3 cxb3 26. axb3 a5 27.
Nd4 Rc7 28. Nxe6 fxe6 29. Rde1 Rc6 30. f4 g6 31. g4 Bd4 32. Re4 Rd6 33. f5 gxf5
34. gxf5 e5 35. Rd1 Kf6 36. Rf1 a4 37. Ka2 axb3+ 38. Kxb3 Rb6+ 39. Kc4 Rb2 40.
Kd3 Ra2 41. Rf3 Rb2 42. Rh4 Rb7 43. Rxd4 exd4 44. Kxd4 Rc7 45. Rxc3 Rd7+ 46.
Ke4 Rd2 47. h3 Re2+ 48. Kf3 Re5 49. Kg4 Re4+ 50. Kh5 Kxf5 51. Rc7 Re3 52. h4
Re2 53. c4 Rc2 54. c5 Rc4 55. c6 Kf6 56. Rxh7 1-0

[Event "175th open MGU"]
[Site "Sofia"]
[Date "2016.11.20"]
[Round "4.7"]
[White "Ilichov, Ivan"]
[Black "Sapareva, Magdalena"]
[Result "1-0"]
[WhiteElo "1367"]
[BlackElo "1514"]
[PlyCount "43"]
[EventDate "2016.11.19"]
[EventType "swiss"]
[EventRounds "6"]
[EventCountry "BUL"]

1. e4 d6 2. d4 Nc6 3. Nf3 Bg4 4. Bb5 Bd7 5. O-O h6 6. Nc3 e6 7. d5 Ne5 8. Bxd7+
Qxd7 9. Bf4 Nxf3+ 10. Qxf3 e5 11. Be3 Nf6 12. Qe2 Be7 13. f3 a6 14. Nd1 Nh7 15.
c4 c5 16. dxc6 Qxc6 17. Nc3 Bg5 18. Nd5 Bxe3+ 19. Qxe3 O-O 20. Ne7+ Kh8 21.
Nxc6 bxc6 22. Qb6 1-0